ARRUPE JESUIT UNIVERSITY

CORONAVIRUS -STOP THE SPREAD - CLEAN,DISINFECT,COVER

Luke's Gospel for Africa Today (Record no. 125031)

MARC details
000 -LEADER
fixed length control field 00575nam a22001457a 4500
008 - FIXED-LENGTH DATA ELEMENTS--GENERAL INFORMATION
fixed length control field 160816b xxu||||| |||| 00| 0 eng d
050 ## - LIBRARY OF CONGRESS CALL NUMBER
Classification number BS2595.3.D133 1975
100 ## - MAIN ENTRY--PERSONAL NAME
Personal name Dain, Ronald and Diepen, Jac van
9 (RLIN) 25122
245 ## - TITLE STATEMENT
Title Luke's Gospel for Africa Today
Remainder of title A school certificate course based on the Kenyan syllabus for Christian religious education
Statement of responsibility, etc Ronald Dain and JAc van Diepen
250 ## - EDITION STATEMENT
Edition statement Rev. ed.
260 ## - PUBLICATION, DISTRIBUTION, ETC. (IMPRINT)
Place of publication, distribution, etc Nairobi
Name of publisher, distributor, etc Oxford University Press
Date of publication, distribution, etc 1975
300 ## - PHYSICAL DESCRIPTION
Extent xviii, 299p. ;
Dimensions 21cm.
650 ## - SUBJECT ADDED ENTRY--TOPICAL TERM
Topical term or geographic name as entry element Bible N.T. Luke
General subdivision Commentaries
9 (RLIN) 15294
942 ## - ADDED ENTRY ELEMENTS (KOHA)
Source of classification or shelving scheme Library of Congress Classification
Item type Monograph ( Printed materials)
Holdings
Withdrawn status Lost status Source of classification or shelving scheme Damaged status Not for loan Collection code Home library Current library Shelving location Date acquired Total Checkouts Full call number Barcode Date last seen Price effective from Koha item type
    Library of Congress Classification     Main Collection ARRUPE LIBRARY ARRUPE LIBRARY Main Collection 16/08/2016   BS2595.3.D133 1975 46500010398 16/08/2016 16/08/2016 Monograph ( Printed materials)

 

Arrupe Library. PO Box MP320 Mt Pleasant, Harare, Zimbabwe
263 242 745411|librarian@aju.ac.zw